Silent Thunder : (Record no. 196865)

MARC details
000 -LEADER
fixed length control field 00559nam a22001697a 4500
005 - DATE AND TIME OF LATEST TRANSACTION
control field 20230804123421.0
010 ## - LCCN (DPL NO)
LC control number ENG-137672
020 ## - INTERNATIONAL STANDARD BOOK NUMBER
International Standard Book Number 9788190632270
Terms of availability 50.00
035 ## - SYSTEM CONTROL NUMBER
System control number EN-121204
082 ## - DEWEY DECIMAL CLASSIFICATION NUMBER
Classification number 181.4
100 1# - MAIN ENTRY--PERSONAL NAME
Personal name Krishna Murty, A.
245 ## - TITLE STATEMENT
Title Silent Thunder :
Statement of responsibility, etc by A.Krishna Murthy
Remainder of title "self " a scientific perspective /
260 ## - PUBLICATION, DISTRIBUTION, ETC. (IMPRINT)
Place of publication, distribution, etc Hyderabad
Name of publisher, distributor, etc Institute Of Scientific Research on Vedas
Date of publication, distribution, etc 2010
270 ## - ADDRESS
Address 11-13-279, Road No.8, Alakapuri,
City Hyderabad
Postal code 500035
300 ## - PHYSICAL DESCRIPTION
Extent 160p.
Dimensions 22cm (pbk)
942 ## - ADDED ENTRY ELEMENTS (KOHA)
Source of classification or shelving scheme Dewey Decimal Classification
Item type English Books
Call number suffix KRI
Classification part 181.41
Holdings
Withdrawn status Lost status Not for loan Collection code Home library Current library Date acquired Source of acquisition Cost, normal purchase price Full call number Barcode Copy number Cost, replacement price Koha item type
      Non-fiction Kadipur Kadipur 04/08/2023 DBAD/PUB 50.00 181.41 KRI EN-121204 1 50.00 English Books

© Delhi Public Library
Hit Counter
free hit counter